| 000 | 00560nam a2200181 i 4500 | ||
|---|---|---|---|
| 001 | 123529 | ||
| 003 | ES-MaACL | ||
| 005 | 20230906192205.0 | ||
| 007 | t| | ||
| 008 | 070214s1960 sp r ||||1| spa d | ||
| 100 | 1 |
_aRagon, Michel. _994996 |
|
| 245 | 1 | 3 |
_aEl honorable Japón _b: precedido de Las patrañas de Ulises / _cMichel Ragon ; traducción de Eugenio Canet Peya. |
| 260 |
_aBarcelona : _bZeus, _c1960. |
||
| 300 |
_a240 p. ; _c19 cm. |
||
| 700 | 1 |
_aCanet Peya, Eugenio. _934489 |
|
| 740 | 4 | _aLas patrañas de Ulises. | |
| 852 |
_aES-MaACL _jC-18724 |
||
| 999 |
_c123529 _d123529 |
||